Fujary a píšťaly. II. diel, Za tajomstvami výroby a tradícií /
Uložené v:
| Hlavný autor: | |
|---|---|
| Médium: | Kniha |
| Jazyk: | Slovak |
| Vydané: |
Tomášov :
Eurolitera,
2023.
|
| Vydanie: | Prvé vydanie |
| Témy: | |
| ISBN: |
9788097019372 |
| Fyzický popis: |
572 strán : faksimile, fotografie, portréty ; 29 cm + CDK 5805 |
| Tagy: |
Pridať tag
Žiadne tagy, Buďte prvý kto otaguje tento záznam!
|
Titul je dostupný aj v ... 

MARC
| LEADER | 00000nam a2200000 i 4500 | ||
|---|---|---|---|
| 001 | 000706708 | ||
| 005 | 20240205100147.0 | ||
| 008 | 231214s2023 xo cho g 000 0 slo d | ||
| 020 | |a 9788097019372 |q (viazané) | ||
| 040 | |a SVKKK |b slo |c SVKKK |e rda | ||
| 041 | 0 | |a slo |b eng |b ger |b slo | |
| 043 | |a e-xo--- | ||
| 044 | |a xo |c SK | ||
| 072 | 7 | |a 780.6 |x Hudobné nástroje a príslušenstvo |2 konspekt | |
| 080 | |a 780.6:398 |2 2011 | ||
| 080 | |a 780.6.02-051 |2 2011 | ||
| 080 | |a 681.818.5 |2 2011 | ||
| 080 | |a 780.642 |2 2011 | ||
| 080 | |a 398 |2 2011 | ||
| 080 | |a 930.85 |2 2011 | ||
| 080 | |a (437.6) |2 2011 | ||
| 080 | |a (048.8) |2 2011 | ||
| 100 | 1 | |a Plavec, Marian, |d 1949- |4 aut | |
| 245 | 1 | 0 | |a Fujary a píšťaly. |n II. diel, |p Za tajomstvami výroby a tradícií / |c Marian Plavec. |
| 246 | 3 | 0 | |a Za tajomstvami výroby a tradícií |
| 250 | |a Prvé vydanie | ||
| 264 | 1 | |a Tomášov : |b Eurolitera, |c 2023. | |
| 300 | |a 572 strán : |b faksimile, fotografie, portréty ; |c 29 cm + |e CDK 5805 | ||
| 336 | |a text |b txt |2 rdacontent | ||
| 336 | |a hraná hudba |b prm |2 rdacontent | ||
| 337 | |a bez média |b n |2 rdamedia | ||
| 337 | |a počítač |b c |2 rdamedia | ||
| 338 | |a zväzok |b nc |2 rdacarrier | ||
| 338 | |a počítačový disk |b cd |2 rdacarrier | ||
| 500 | |a Obsahuje biografické údaje o autorovi | ||
| 504 | |a Bibliografia na strane 560-562 | ||
| 546 | |a Anglické, nemecké a slovenské resumé | ||
| 648 | 7 | |a 17.-21. storočie |2 SVKKKPH | |
| 648 | 7 | |a 17th-21st centuries |2 SVKKKPHeng | |
| 650 | 0 | 7 | |a ľudové hudobné nástroje |2 SVKKKPH |
| 650 | 0 | 7 | |a výrobcovia hudobných nástrojov |2 SVKKKPH |
| 650 | 0 | 7 | |a fujary |2 SVKKKPH |
| 650 | 0 | 7 | |a píšťaly |2 SVKKKPH |
| 650 | 0 | 7 | |a folklór |2 SVKKKPH |
| 650 | 0 | 7 | |a kultúrne dedičstvo |2 SVKKKPH |
| 650 | 0 | 7 | |a folk musical instruments |2 SVKKKPHeng |
| 650 | 0 | 7 | |a musical instrument makers |2 SVKKKPHeng |
| 650 | 0 | 7 | |a fujara |2 SVKKKPHeng |
| 650 | 0 | 7 | |a pipe |2 SVKKKPHeng |
| 650 | 0 | 7 | |a folklore |2 SVKKKPHeng |
| 650 | 0 | 7 | |a cultural heritage |2 SVKKKPHeng |
| 651 | 7 | |a Slovensko |2 SVKKKPH | |
| 651 | 7 | |a Slovakia |2 SVKKKPHeng | |
| 655 | 7 | |a monografie |2 SVKKKPH | |
| 655 | 7 | |a monographs |2 SVKKKPHeng | |
| 910 | |a svkkk | ||
| 919 | |a 978-80-970193-7-2 | ||
| 998 | |a BK | ||
| 090 | |g SCKHL |k Konzultanti |a CDK.5805 |j 8176 |i 2721044373 |s Príručka / Študovňa | ||
| 090 | |g SCKHL |k Sklad Hlavná 10 prízemie |a V.243759 |j 1126807 |i 2721036207 |s Prezenčne | ||